An Investigation into Syntactic and Semantic Features of English and Vietnamese Proverbs Expressed in Relational Identifying Processes / Syntactic Semantic
Proverbs are the part of the oral tradition of a cultural group. Because they are usually spoken and not written, they must be vivid and have the quality that they can be easily remembered. If the ….
সংরক্ষণ করুন:
| প্রধান লেখক: | |
|---|---|
| অন্যান্য লেখক: | |
| বিন্যাস: | অজ্ঞাত |
| ভাষা: | English |
| প্রকাশিত: |
2012.
|
| বিষয়গুলি: | |
| ট্যাগগুলো: |
ট্যাগ যুক্ত করুন
কোনো ট্যাগ নেই, প্রথমজন হিসাবে ট্যাগ করুন!
|
| Thư viện lưu trữ: | Mạng thư viện Đại học Đà Nẵng |
|---|
| LEADER | 01625na a2200349 4500 | ||
|---|---|---|---|
| 001 | 000031052 | ||
| 003 | 5359 | ||
| 005 | 20221203093311.0 | ||
| 008 | 151001s2012 000 eng | ||
| 040 | |a LNN | ||
| 041 | |a ENG | ||
| 082 | |a 420.4 |b NG-H |2 Syntactic Semantic | ||
| 100 | |a Nguyễn Thị Thúy Hoa | ||
| 245 | 3 | |a An Investigation into Syntactic and Semantic Features of English and Vietnamese Proverbs Expressed in Relational Identifying Processes / |c Nguyễn Thị Thúy Hoa |n Syntactic Semantic | |
| 260 | |c 2012. | ||
| 300 | |a 99tr. : mh ; 30cm. | ||
| 520 | |a Proverbs are the part of the oral tradition of a cultural group. Because they are usually spoken and not written, they must be vivid and have the quality that they can be easily remembered. If the …. | ||
| 650 | |a An Investigation into Syntactic and Semantic Features of English and Vietnamese Proverbs Expressed in Relational Identifying Processes, Syntactic, Semantic, 2012, Nguyễn Thị Thúy Hoa | ||
| 700 | |a Phan Van Hoa |b Assoc.Prof.Dr |c huong dan | ||
| 852 | |c Luận văn Thạc sĩ | ||
| OWN | |a LNN | ||
| AVA | |a UDN50 |b LNN |c English |d 420.4 NG-H |e available |t Error 5001 Not defined in file expand_doc_bib_avail. |f 1 |g 0 |h N |i 0 |j AN |k 1 | ||
| 999 | |a From the UDN01 | ||
| AVA | |a UDN50 |b LNN |c English |d 420.4 NG-H |e available |t Error 5001 Not defined in file expand_doc_bib_avail. |f 1 |g 0 |h N |i 0 |j AN |k 1 | ||
| TYP | |a Printed language | ||
| 980 | |a Mạng thư viện Đại học Đà Nẵng | ||